| 000 | 01230cam a22001934a 4500 | ||
|---|---|---|---|
| 005 | 20250605164038.0 | ||
| 008 | 250528s ||||||||||||||||||||||||d | ||
| 035 | _a16898 | ||
| 040 |
_aGR-AtMCL _bgre _dGR-AtMCL _eAACR2 |
||
| 245 | 1 | _aΟ Απόδημος Ελληνισμός στις Σκανδιναβικές Χώρες (Σουηδία, Φινλανδία) και στην Κεντρική Ευρώπη (Ουγγαρία, Τσεχία, Σλοβακία, Πολωνία και Αυστρία) | |
| 260 |
_bΥπουργείο Εξωτερικών, _c1999 |
||
| 300 | _a264 | ||
| 505 | 0 | _aΕισαγωγή, Σουηδία, Φινλανδία, Ουγγαρία, Τσεχία, Σλοβακία, Πολωνία, Αυστρία, Παράρτημα: Πρεσβείες και Προξενεία της Ελλάδας στις Χώρες Μελέτης. | |
| 520 | _aΕισαγωγή, Σουηδία, Φινλανδία, Ουγγαρία, Τσεχία, Σλοβακία, Πολωνία, Αυστρία, Παράρτημα: Πρεσβείες και Προξενεία της Ελλάδας στις Χώρες Μελέτης. | ||
| 700 | 1 |
_aΚαζάκος Πάνος _92990 |
|
| 942 | _cBK | ||
| 999 |
_c2348 _d2348 |
||